00535nam a2200193 a 4500001001300000003000900013005001700022008004100039020002300080082001300103100001800116245008100134260002900215300000900244500003500253505001000288650002500298700001800323nice12345678IN_TiNIC20260116013929.0050524s1997 dela grp 000 0 eng  a8170306 c45000a291bKIN aKing, Richard aEarly Advaita Vedanta and Buddhismb Mahayana Context of the Gaudapadiya/kar aDelhibSri Satguruc1997 a341p aincludes index and biblioraphy2 aIndex aComparative Religion1 aKing, Richard